| 000 | 00989cab a2200253 4500 | ||
|---|---|---|---|
| 001 | ABS50196 | ||
| 008 | 090401t1994 xxu||||| |||| 00| 0 eng d | ||
| 035 | _a(Sirsi) u74570 | ||
| 041 | _aeng | ||
| 100 | _aLarner, A. | ||
| 245 | _aPersonal data protection and the chartered surveyor | ||
| 260 | _c1994 | ||
| 350 | _a0 | ||
| 490 |
_aCSM (Chartered Surveyor Monthly) _v3(5) February 1994, 34-35(2) |
||
| 520 | _aGuides the reader through the requirements of the Data Protection Act 1984 with regard to the type of information surveyors might hold, which involves registration of data, the collection of data and information about third parties. Mentions the draft EC Directive and the changes it would bring to the 1984 Act. | ||
| 650 | _aADDRESSES | ||
| 650 | _aDATA PROTECTION ACT 1984 | ||
| 650 | _aDATA PROTECTION | ||
| 650 | _aEC DIRECTIVES | ||
| 650 | _aPRIVACY | ||
| 690 | _aMANAGEMENT-BUSINESS MANAGEMENT-PROFESSIONAL PRACTICE | ||
| 942 | _n0 | ||
| 948 | _c04/03/1997 | ||
| 999 |
_c47003 _d47003 |
||